Music Quiz

Random Music or Album Quiz

Green Day Albums Quiz Stats

 Plays Quiz Updated Feb 11, 2020

Support Sporcle.
Go Orange.
Score 0/13 Timer 04:00
3 Plays Today
Year Album % Correct
2004American Idiot
96.8%
1994Dookie
94.3%
2012¡Uno!
87.4%
2012¡Dos!
87%
2012¡Tré!
85.2%
2016Revolution Radio
75.3%
1997Nimrod
74.5%
200921st Century Breakdown
69.8%
2000Warning
65.5%
2020Father of All Motherf**kers
62.4%
1992Kerplunk!
58.2%
1995Insomniac
57%
199039/Smooth
27.5%

From the Vault

Closest US Capitals to Albany, NY

by Highwayman

Some are so close that they're almost in the state of New York!
Remove Ads.
Support Sporcle.
Get the best of Sporcle when you Go Orange. This ad-free experience offers more features, more stats, and more fun while also helping to support Sporcle. Thank you for becoming a member.

Show Comments

Extras

Top Quizzes Today


Score Distribution

Your Account Isn't Verified!

In order to create a playlist on Sporcle, you need to verify the email address you used during registration. Go to your Sporcle Settings to finish the process.

Report this User

Report this user for behavior that violates our Community Guidelines.

Details: